000 00728nam a22002177a 4500
005 20180716100638.0
010 _aENG-123464
020 _c1995.00
_a9788131253939
035 _aEN-106996
037 _bDBAD/PUB.
082 _a342.5402
100 _aBasu, Durga Das
245 _aCommentary on the constitution of india /
_cby Durga Das Basu [and] Sunil Ambwani
250 _a9th edn.
260 _aGurgaon
_bLexis Nexis
_c2018
270 _a14th floor, Building No-10, Tower-B, DLF Cyber City, Phase-11
_bGurgaon
_e122002
300 _accl,11205-11900p.)
_c24cm(Hb)
500 _aIt includes subject index, 11(1) Article 226 (contd.)
700 _aAmbwani, Sunil
942 _2ddc
_cEN
_mBAS
_h342.5402
999 _c153973
_d153973